00395nam a2200157Ia 450000500170000000800410001702000230005804100080008108200150008910000190010424500260012325000120014926000360016130000200019765000200021720250526115819.0240825s9999 xx 000 0 und d a9788183281379qpbk aeng a823.92 KIN aKinger, Rachit 0aZappc/Rachit Kinger; a1st ed. bWisdom Tree,c2009.aNew Delhi: a115 p. :c18cm. aEnglish Fiction